000 00534nam a2200193Ia 4500
005 20250508164955.0
008 008 250505s9999 xx 000 0 eng d
037 _aTheses
040 _aFEDL
_beng
_cFEDL
041 _aeng
_2eng
084 _a370.152, SAP/TH
_qFEDL
100 _aSapra Rekha
245 0 _aLanguage model for teaching science in primary grades
260 _c1994
300 _a363p.
546 _aPh. D. Thesis (Delhi University)
942 _cTH
_h370.152, SAP/TH
999 _c1392417
_d1392417